MDQL
is popping MORE tags! Check the
thread
!
Quizzes
Events
Quiz Creation
Community
Videos
Private Events
Remove Ads
Sign In
Join for FREE
Feedback
Dark Mode
Quiz Categories
Sports
Geography
Music
Movies
Television
Just For Fun
Miscellaneous
History
Literature
Language
Science
Gaming
Entertainment
Religion
Holiday
For Kids
Quiz Lab
Recent
Popular Today
Quiz Kudos Today
Editor Picks
Curator Picks
Quizzes by...
Day
Popularity
Type
Ratings
Length
Year
Community
Subscriptions
Recent Discussions
Orange Saloon
Badges
Playlists
Quests
Create
Leaderboards
Showdown
Live 5
Trivia Bingo
Activity
Puzzle Library
Sporcle Events
Private Events
Virtual Trivia
Globe League
Become a Host
Pub Owners
SporcleCon
Opinionation
Our Games
Videos
Blog
Mobile Apps
Partnerships
Remove Ads and Go Orange
Feedback
Movies
Disney
Marvel Cinematic Universe
Movie Resume
Movie Titles
Oscar
Actor
Actress
Director
Pixar
Role
Movie Quotes
Movie Characters
Box Office
Nominee
Best Picture
Star Wars
James Bond
Horror Movies
Movies
Disney
Marvel Cinematic Universe
Movie Resume
Movie Titles
Oscar
Actor
Actress
Director
Pixar
Role
Movie Quotes
Movie Characters
Box Office
Nominee
Best Picture
Star Wars
James Bond
Horror Movies
Random Quiz
Search Sporcle
×
Quiz Lab
Quiz Lab
Movies
Oscar
Type in answers that appear in a list
Type in answers that appear in a list
Classic
Best Score? Go Orange.
Movies with over 10 Oscar Nominations Stats
Can you name the movies with over 10 Oscar nominations ?
By
ikspuls
12m
47 Questions
205 Plays
205 Plays
205 Plays
Comments
Comments
Give Quiz Kudos
Give Quiz Kudos
-
- Ratings
hide this ad
Replay
Link that replays current quiz
Next Quiz
Link to next quiz in quiz playlist
You Got
0%
They Got
Avg Score
47%
Avg Friend Score
Upgrade to see
Score Distribution
Jump to the score distribution portion of the page
Score
0/47
Timer
12:00
0
Plays Today
Year
Movie
% Correct
1997
Titanic
98.5%
1939
Gone With The Wind
92.2%
2003
The Lord of the Rings: The Return of the King
86.8%
2001
The Lord of the Rings: The Fellowship of the Ring
82%
1959
Ben-Hur
77.6%
2010
The King's Speech
76.6%
1994
Forrest Gump
75.6%
1974
The Godfather, Part II
75.6%
1972
The Godfather
75.6%
2000
Gladiator
74.6%
1993
Schindler's List
69.3%
1998
Saving Private Ryan
69.3%
1998
Shakespeare in Love
68.8%
2002
Chicago
68.3%
1990
Dances With Wolves
64.9%
1996
The English Patient
60%
1950
All About Eve
58%
1954
On The Waterfront
54.1%
1984
Amadeus
54.1%
1961
West Side Story
53.2%
1982
Gandhi
53.2%
1985
Out of Africa
49.8%
1983
Terms of Endearment
49.3%
1964
My Fair Lady
48.8%
Year
Movie
% Correct
1953
From Here to Eternity
41.5%
2008
The Curious Case of Benjamin Button
41%
1964
Mary Poppins
37.6%
1950
Sunset Boulevard
36.6%
1968
Oliver!
36.1%
1985
The Color Purple
36.1%
1951
A Streetcar Named Desire
33.7%
1981
Reds
32.7%
1974
Chinatown
31.2%
1942
Mrs. Miniver
31.2%
2004
The Aviator
31.2%
1939
Mr. Smith Goes to Washington
29.8%
1940
Rebecca
29.8%
1966
Who's Afraid of Virginia Woolf?
27.3%
1977
The Turning Point
21%
1984
A Passage to India
20%
1977
Julia
18%
1964
Becket
15.6%
1961
Judgment at Nuremberg
14.1%
1943
The Song of Bernadette
13.2%
1948
Johnny Belinda
11.2%
1941
Sergeant York
10.2%
1942
The Pride of the Yankees
7.3%
Quiz Playlist
Details
Report
Send in Message
Add To Playlist
Classic:
Type in answers that appear in a list
Quiz Source
Last Updated: Feb 16, 2017
Quiz Scoreboard
CHALLENGE
Sign Up to Join the Scoreboard
Show All
Scores
Hide
Comments
May contain spoilers
Recently Published
5x2 Blitz: Bands
by SL_Kpop136
Music
30s
Colored Red Africa Blitz
by spor1
Geography
30s
Find the 'City' Movie
by crazypaving
Movies
60s
More to Explore
Quiz From the Vault
Featured Blog Post
14 Easter Pick-up Lines to Find Eggs With
hide this ad
You Might Also Like...
Tags
Oscar Quiz
nomination
Oscar Nominated
Today's Top Quizzes in Movies
Browse Movies
hide this ad
Today's Top Quizzes in Oscar
Browse Oscar
Top Contributed Quizzes in Movies
1
Pick 5 Posters: Directed by Spielberg
2
7-to-1: Pixar Characters
3
Hidden Star Wars Character II
4
Hidden Star Wars Character III
5
Hidden Star Wars Character IV
6
Pick 5 Posters: Lowest-Rated Spielberg
7
Sorting Actresses
8
Sorting Actors
9
Hidden Star Wars Character V
10
Hidden Star Wars Character VI
Explore More
Trending Topics
Kpop
Anime
Disney
Harry Potter
Crossword
NBA
Marvel
Soccer
Country
Song
NFL
Pokémon
Puzzle
WWE
The Office
hide this ad
More By:
ikspuls
Quiz
Plays
Rating
Category
Featured
Created
NBA Most Points (Clickable)
4,372
4.13
Sports
Feb 3, 2013
NBA Most Rebounds (Clickable)
1,894
3.86
Sports
Jul 6, 2012
NBA Most Assists (Clickable)
917
3.75
Sports
Jul 7, 2012
NBA Trivia For Each Team
864
4.10
Sports
Feb 21, 2011
12,00 Rebounds in a Career (Clickable)
837
4.00
Sports
Apr 5, 2012
Go to Creator's Profile
Score Distribution
Quiz Creator Spotlight
ikspuls
Follow
Send a Message
Quizzes Created
-
Created Quiz Play Count
-
More By This Creator
Popular Quizzes Today
1
5x2 Blitz: Bands
2
Find the 'City' Movie
3
Find the US States - No Outlines Minefield
4
Colored Red Africa Blitz
5
The Countries of the World
6
Find the US States
7
9x9 Crossword: Cartoon Network
8
Risky Map Clicking: Biggest States A-Z
More Movies Quizzes
Name a Movie That... (1980s)
Published
Trending Quizzes
Colored Red Africa Blitz II
Colored Red Europe Blitz I
Find the 'Dark' Movie
Find the 'Day' Movie
Find the 'Good' Movie
Recently Updated
Champions League XIs: Real Madrid
pecheneg
Largest US Cities 1790-2010
pecheneg
Rides in Walt Disney World
pecheneg
Most Oscar Losses (Acting)
pecheneg
Beyoncé Albums
pecheneg
Leaping Animals
pecheneg
Reality TV Shows (A-Z)
bhenderson79
Rickey Henderson's Hall of Fame Teammates
pecheneg
Champions League XIs: Arsenal
pecheneg
Quick Pick: Celebrities in WWE's Hall of Fame
aduchscher
Trending Topics
Crossword
Anime
Disney
Marvel
NBA
Kpop
Harry Potter
WWE
Song
NFL
The Office
Pokémon
Soccer
Country
Puzzle
Your Account Isn't Verified!
In order to create a playlist on Sporcle, you need to verify the email address you used during registration. Go to your
Sporcle Settings
to finish the process.
Report this User
Report this user for behavior that violates our
Community Guidelines
.
Details:
Send Report
Go to the Sporcle.com Mobile Site →
Comments